|
|
|
|
| LEADER |
00709nab a2200205 i 4500 |
| 001 |
acta12293 |
| 005 |
20220609123541.0 |
| 008 |
161015s1980 hu o 0|| rus d |
| 022 |
|
|
|a 0324-721X
|
| 040 |
|
|
|a SZTE Egyetemi Kiadványok Repozitórium
|b hun
|
| 041 |
|
|
|a rus
|
| 100 |
1 |
|
|a Lupanov Oleg Borisovič
|
| 245 |
1 |
0 |
|a O ventil'nyh shemah
|h [elektronikus dokumentum] /
|c Lupanov Oleg Borisovič
|
| 260 |
|
|
|c 1980
|
| 300 |
|
|
|a 311-315
|
| 490 |
0 |
|
|a Acta cybernetica
|v 4 No. 4
|
| 650 |
|
4 |
|a Természettudományok
|
| 650 |
|
4 |
|a Számítás- és információtudomány
|
| 695 |
|
|
|a Számítástechnika, Kibernetika
|
| 856 |
4 |
0 |
|u http://acta.bibl.u-szeged.hu/12293/1/cybernetica_004_fasc_004_311-315.pdf
|z Dokumentum-elérés
|